The Security of Critical Infrastructures : (Record no. 37615)

MARC details
000 -LEADER
fixed length control field 01762nam a22001937a 4500
020 ## - INTERNATIONAL STANDARD BOOK NUMBER
ISBN 9783030418281
041 ## - LANGUAGE CODE
Language code of text/sound track or separate title English.
082 ## - DEWEY DECIMAL CLASSIFICATION NUMBER
Classification number 005.8
Item number SEC-
245 ## - TITLE STATEMENT
Title The Security of Critical Infrastructures :
Sub Title risk, resilience and defense /
Statement of responsibility, etc edited by Marcus Matthias Keupp
260 ## - PUBLICATION, DISTRIBUTION, ETC. (IMPRINT)
Place of publication Switzerland :
Name of publisher Springer,
Year of publication 2020.
300 ## - PHYSICAL DESCRIPTION
Number of Pages xiv, 206p.
520 ## - SUMMARY, ETC.
Summary, etc This book analyzes the security of critical infrastructures such as road, rail, water, health, and electricity networks that are vital for a nation’s society and economy, and assesses the resilience of these networks to intentional attacks. The book combines the analytical capabilities of experts in operations research and management, economics, risk analysis, and defense management, and presents graph theoretical analysis, advanced statistics, and applied modeling methods. In many chapters, the authors provide reproducible code that is available from the publisher’s website. Lastly, the book identifies and discusses implications for risk assessment, policy, and insurability. The insights it offers are globally applicable, and not limited to particular locations, countries or contexts.<br/><br/>Researchers, intelligence analysts, homeland security staff, and professionals who operate critical infrastructures will greatly benefit from the methods, models and findings presented. While each of the twelve chapters is self-contained, taken together they provide a sound basis for informed decision-making and more effective operations, policy, and defense.
546 ## - LANGUAGE NOTE
Language note English.
650 ## - SUBJECT ADDED ENTRY--TOPICAL TERM
Topical Term Computer networks
General subdivision Security measures.
650 ## - SUBJECT ADDED ENTRY--TOPICAL TERM
Topical Term Computer security.
650 ## - SUBJECT ADDED ENTRY--TOPICAL TERM
Topical Term Computer networks
General subdivision Security measures.
700 ## - ADDED ENTRY--PERSONAL NAME
Personal name Keupp, Marcus Matthias
Relator term editor.
942 ## - ADDED ENTRY ELEMENTS (KOHA)
Source of classification or shelving scheme Dewey Decimal Classification
Koha item type Books
Holdings
Withdrawn status Lost status Damaged status Not for loan Home library Current library Date acquired Source of acquisition Cost, normal purchase price Full call number Accession Number Cost, replacement price Price effective from Koha item type
        NASSDOC Library NASSDOC Library 16/03/2023 Overseas 0.00 005.8 SEC- 53269 0.00 09/05/2023 Books